Discrete mathematics : elementary and beyond

Saved in:
Bibliographic Details
Main Author: Lovasz, Laszlo 1948-
Other Authors: Pelikan, J. (Jzsef), Vesztergombi, K.
Format: Book
Language:English
Published: New York : Springer, c2003
Series:Undergraduate texts in mathematics
Subjects:
Tags: Add Tag
No Tags, Be the first to tag this record!

MARC

LEADER 00000nam a2200000 i 4500
001 1/72745
008 050304s2003 eng d
020 |a 0-387-95585-2 (pbk.) 
035 |l 10076906 
040 |a GR-MY-UA  |b gre  |e aacr 
041 0 |a eng 
082 0 |a 510  |2 (21) 
100 1 |a Lovasz, Laszlo  |d 1948- 
245 1 0 |a Discrete mathematics :  |b elementary and beyond /  |c L. Lovasz, J. Pelikan, K. Vesztergombi 
260 |a New York :   |b Springer,   |c c2003 
300 |a ix, 290 σ.;  |b εικ.;  |c 24 εκ. 
490 1 |a Undergraduate texts in mathematics 
504 |a Περιλαμβάνει ευρετήριο 
650 0 0 |a Mathematics. 
650 0 0 |a Computer science  |x Mathematics. 
700 1 |a Pelikan, J.  |q (Jzsef) 
700 1 |a Vesztergombi, K. 
830 0 |a Undergraduate texts in mathematics 
852 |a INST  |b CHIOS  |e 20050304  |h 510 LOV  |p 005200022200  |q 005200022200  |t BK  |y 0 
901 |a BIBL2-2005-1 
909 |a Χ  |b 112693 
920 |a ΔΙΕΥΡΥΝΣΗ  |b ΕΠΕΑΕΚ-ΤΜΟΔ  |y ΧΙΟΣ  |z 2004-12 
970 |a ΣΠΕΝΤΖΑ  |b ΕΛΕΝΗ  |z 2005/03/04